Statistiken für Premier League

Klicken Sie hier um das Quiz zu spielen!

Allgemein

  • Dieses Quiz wurde 99 mal gespielt
  • Das Durchschnittsergebnis liegt bei 14 aus 20

Antwortstatistiken

Antwort% Korrekt
Manchester City
99%
Manchester United
99%
Liverpool FC
91%
Arsenal FC
88%
Chelsea FC
86%
Newcastle United
82%
Tottenham Hotspur
77%
Wolverhampton Wanderers
77%
Everton FC
72%
Brighton
71%
Leicester City
71%
West Ham United
69%
Leeds United
67%
Aston Villa
64%
Nottingham Forest
58%
Crystal Palace
55%
Southhampton FC
51%
FC Fulham
50%
Brentford FC
46%
AFC Bournemouth
38%

Verteilung der Resultate

Perzentil nach korrekt beantworteten Fragen

Anzahl Personen mit jedem Resultat

Ihre Resultats-Entwicklung

Sie haben dieses Quiz noch nicht gespielt